[Event "Ankara Ipek Memorial 7th"]
[Site "Ankara"]
[Date "2019.03.08"]
[Round "3"]
[White "Kizilkus, Tanju"]
[Black "Turkmen, Ataberk"]
[Result "1-0"]
[WhiteElo "1571"]
[BlackElo "1868"]
[PlyCount "55"]
[EventDate "2019.03.06"]
[EventType "swiss"]
[EventRounds "7"]
[EventCountry "TUR"]
[SourceTitle "CBM 189 Extra"]
[Source "ChessBase"]
[SourceDate "2019.06.03"]
[SourceVersion "1"]
[SourceVersionDate "2019.06.03"]
[SourceQuality "1"]

1. e4 b6 2. d4 Bb7 3. Nc3 e6 4. Nf3 Bb4 5. Bd3 Nf6 6. Qe2 d5 7. Bg5 h6 8. Bxf6 Qxf6 9. 0-0 0-0 10. Nb5 Qd8 11. c3 Be7 12. Rae1 a6 13. Na3 Bxa3 14. bxa3 Nd7 15. e5 Qe7 16. Bb1 Rfb8 17. Qc2 Nf8 18. h4 c5 19. h5 a5 20. Re3 Ba6 21. Rfe1 Rc8 22. Qd2 cxd4 23. Nxd4 Qxa3 24. Rg3 Kh8 25. Ree3 Ra7 26. Rxg7 Kxg7 27. Rg3+ Ng6 28. hxg6 1-0

[Event "TUR Cup										"]
[Site "Antalya"]
[Date "2018.02.02"]
[Round "10"]
[White "Kizilkus, Tanju"]
[Black "Usluoglu, Servet"]
[Result "0-1"]
[WhiteElo "1519"]
[BlackElo "1764"]
[PlyCount "98"]
[EventDate "2018.01.27"]
[EventType "swiss"]
[EventRounds "11"]
[EventCountry "TUR"]
[SourceTitle "CBM 182 Extra"]
[Source "ChessBase"]
[SourceDate "2018.02.23"]
[SourceVersion "1"]
[SourceVersionDate "2018.02.23"]
[SourceQuality "1"]

1. d4 Nf6 2. c4 e6 3. Nc3 Bb4 4. Nf3 0-0 5. Bd2 d5 6. e3 b6 7. a3 Be7 8. cxd5 exd5 9. Bd3 Bb7 10. Ne5 Nbd7 11. f4 Ne4 12. 0-0 Nxe5 13. fxe5 f6 14. Qc2 Nxd2 15. Qxd2 fxe5 16. Rxf8+ Bxf8 17. dxe5 Qg5 18. Rf1 Bc5 19. Rf3 Qxe5 20. Rh3 g6 21. b4 Bd6 22. Qc2 Kg7 23. Qc1 Qg5 24. Ne2 Bc8 25. Rf3 Bg4 26. Nf4 Qe5 27. Rg3 Be6 28. Rg5 Bf5 29. Bxf5 Kf6 30. h4 gxf5 31. Nh5+ Kf7 32. Rg7+ Kf8 33. g3 Re8 34. Kf2 d4 35. Rxh7 Qxe3+ 36. Qxe3 Rxe3 37. Rh8+ Kf7 38. Rh7+ Kg6 39. Rh8 Be5 40. Nf4+ Kg7 41. Rd8 Bd6 42. Nd5 Bxg3+ 43. Kg2 Rxa3 44. h5 Bd6 45. Nxc7 Bxc7 46. Rd7+ Kh6 47. Rxc7 Kxh5 48. Rd7 d3 49. Kf3 Kg5 0-1

[Event "TUR Cup										"]
[Site "Antalya"]
[Date "2018.01.30"]
[Round "6"]
[White "Baylav, Bartu"]
[Black "Kizilkus, Tanju"]
[Result "1-0"]
[WhiteElo "1754"]
[BlackElo "1519"]
[PlyCount "54"]
[EventDate "2018.01.27"]
[EventType "swiss"]
[EventRounds "11"]
[EventCountry "TUR"]
[SourceTitle "CBM 182 Extra"]
[Source "ChessBase"]
[SourceDate "2018.02.23"]
[SourceVersion "1"]
[SourceVersionDate "2018.02.23"]
[SourceQuality "1"]

1. d4 d5 2. c4 e6 3. e3 Nf6 4. Nf3 Bd6 5. Bd3 0-0 6. 0-0 Nbd7 7. b3 b6 8. Bb2 Bb7 9. cxd5 exd5 10. Ne5 c5 11. Nd2 Qe7 12. Nxd7 Nxd7 13. Re1 Nf6 14. Nf1 Rac8 15. Qe2 Rc7 16. Ng3 g6 17. Rac1 h5 18. dxc5 bxc5 19. Qc2 h4 20. Nf1 c4 21. bxc4 dxc4 22. Bxc4 Rfc8 23. Qxg6+ Kf8 24. Qh6+ Ke8 25. Bxf6 Rxc4 26. Rxc4 Rxc4 27. Bxe7 Rg4 1-0

[Event "TUR Cup										"]
[Site "Antalya"]
[Date "2018.01.29"]
[Round "4"]
[White "Antel, Umit"]
[Black "Kizilkus, Tanju"]
[Result "1/2-1/2"]
[WhiteElo "1744"]
[BlackElo "1519"]
[PlyCount "121"]
[EventDate "2018.01.27"]
[EventType "swiss"]
[EventRounds "11"]
[EventCountry "TUR"]
[SourceTitle "CBM 182 Extra"]
[Source "ChessBase"]
[SourceDate "2018.02.23"]
[SourceVersion "1"]
[SourceVersionDate "2018.02.23"]
[SourceQuality "1"]

1. d4 Nf6 2. c4 c5 3. e3 e6 4. Nf3 d5 5. cxd5 exd5 6. Nc3 Nc6 7. Bd3 Be7 8. 0-0 0-0 9. h3 Be6 10. Re1 Rc8 11. dxc5 Bxc5 12. Ne2 Ne4 13. Qa4 Bb4 14. Rf1 Nc5 15. Qd1 Nxd3 16. Qxd3 Qf6 17. Ned4 Ne5 18. Nxe5 Qxe5 19. Bd2 Bd6 20. f4 Qh5 21. Rac1 Bd7 22. Rxc8 Rxc8 23. Bc3 Qg6 24. Qxg6 hxg6 25. g4 Re8 26. Kf2 b6 27. Rd1 f6 28. Ne2 Bc6 29. Bd4 Kf7 30. Rc1 Bb7 31. a3 Rh8 32. Kg2 Ba6 33. Nc3 Ke6 34. a4 Rc8 35. a5 Bc5 36. axb6 axb6 37. Ra1 Bd3 38. Ra7 Bxd4 39. exd4 Rc4 40. Ra4 Bc2 41. Rxc4 dxc4 42. Kf3 Kd6 43. Na2 g5 44. fxg5 fxg5 45. Nb4 Ba4 46. Ke4 g6 47. Na2 Bc6+ 48. Ke3 Bg2 49. Nc3 Bxh3 50. Ne4+ Kd5 51. Nc3+ Kc6 52. Kf3 b5 53. Ne4 b4 54. Nxg5 c3 55. bxc3 bxc3 56. Ke3 Bxg4 57. Kd3 c2 58. Kxc2 Kd5 59. Kd3 Bf5+ 60. Ke3 Kc4 61. Nf3 1/2-1/2

[Event "TUR Cup"]
[Site "Antalya"]
[Date "2017.02.04"]
[Round "11"]
[White "Gencsoy, Sukru Gorkem"]
[Black "Kizilkus, Tanju"]
[Result "1/2-1/2"]
[WhiteElo "1614"]
[BlackElo "1491"]
[PlyCount "48"]
[EventDate "2017.01.28"]
[EventType "swiss"]
[EventRounds "11"]
[EventCountry "TUR"]
[SourceTitle "EXT 2018"]
[Source "ChessBase"]
[SourceDate "2017.10.13"]
[SourceVersion "1"]
[SourceVersionDate "2017.10.13"]
[SourceQuality "1"]

1. e4 c5 2. b3 Nc6 3. Bb2 d6 4. Bb5 a6 5. Bxc6+ bxc6 6. Ne2 e6 7. 0-0 Nf6 8. d3 d5 9. e5 Nd7 10. f4 Be7 11. c4 Qc7 12. Nd2 0-0 13. Ng3 f6 14. Qe2 a5 15. Nf3 a4 16. f5 Nxe5 17. Nxe5 fxe5 18. Bxe5 Bd6 19. Bxd6 Qxd6 20. fxe6 Bxe6 21. Rxf8+ Kxf8 22. Re1 axb3 23. axb3 Bd7 24. Rf1+ Kg8 1/2-1/2

[Event "TUR Cup"]
[Site "Antalya"]
[Date "2017.01.29"]
[Round "2"]
[White "Kocak, Can"]
[Black "Kizilkus, Tanju"]
[Result "1-0"]
[WhiteElo "1944"]
[BlackElo "1491"]
[PlyCount "65"]
[EventDate "2017.01.28"]
[EventType "swiss"]
[EventRounds "11"]
[EventCountry "TUR"]
[SourceTitle "CBM 176 Extra"]
[Source "ChessBase"]
[SourceDate "2017.03.02"]
[SourceVersion "1"]
[SourceVersionDate "2017.03.02"]
[SourceQuality "1"]

1. e4 b6 2. d4 Bb7 3. Nc3 e6 4. Bd3 Nc6 5. Nf3 Nb4 6. Be2 Nf6 7. a3 Na6 8. 0-0 Be7 9. Bc4 Nh5 10. Be3 Nf6 11. Bd3 d5 12. e5 Nd7 13. Qe2 Nab8 14. Nb1 c5 15. c3 Nc6 16. Nbd2 0-0 17. Rac1 Rc8 18. Bb1 f6 19. exf6 Nxf6 20. Bg5 Qd7 21. Rfe1 Nd8 22. Ne5 Qe8 23. Qd3 Ne4 24. Bxe7 Qxe7 25. Nxe4 dxe4 26. Qe3 Nf7 27. Bxe4 Bxe4 28. Qxe4 Nd6 29. Qe2 Rf6 30. Rcd1 Rcf8 31. Ng4 Rg6 32. d5 Nf5 33. dxe6 1-0

[Event "Manavgat Turkey Cup"]
[Site "Manavgat"]
[Date "2015.02.07"]
[Round "11"]
[White "Firat, Deniz"]
[Black "Kizilkus, Tanju"]
[Result "0-1"]
[WhiteElo "1773"]
[BlackElo "1597"]
[PlyCount "60"]
[EventDate "2015.01.31"]
[EventType "swiss"]
[EventRounds "11"]
[EventCountry "TUR"]
[SourceTitle "CBM 164 Extra"]
[Source "ChessBase"]
[SourceDate "2015.03.02"]
[SourceVersion "1"]
[SourceVersionDate "2015.03.02"]
[SourceQuality "1"]

1. d4 Nf6 2. c4 c5 3. d5 d6 4. Nf3 g6 5. Nc3 Bg7 6. e4 0-0 7. Be2 e6 8. 0-0 exd5 9. cxd5 a6 10. a4 Re8 11. Nd2 Nbd7 12. Qc2 Rb8 13. a5 b5 14. axb6 Rxb6 15. Nc4 Ne5 16. Nxb6 Qxb6 17. h3 Nh5 18. Be3 f5 19. Bxh5 gxh5 20. exf5 Rf8 21. f6 Rxf6 22. Kh2 Bf8 23. Ne4 Rg6 24. f3 h4 25. Qe2 a5 26. Bf2 Qd8 27. b3 Nf7 28. Ra4 Bf5 29. Kh1 Bd7 30. Ra2 Qc8 0-1

[Event "Manavgat Turkey Cup"]
[Site "Manavgat"]
[Date "2015.02.04"]
[Round "7"]
[White "Yardim, Ahmet"]
[Black "Kizilkus, Tanju"]
[Result "1/2-1/2"]
[WhiteElo "1514"]
[BlackElo "1597"]
[PlyCount "101"]
[EventDate "2015.01.31"]
[EventType "swiss"]
[EventRounds "11"]
[EventCountry "TUR"]
[SourceTitle "CBM 164 Extra"]
[Source "ChessBase"]
[SourceDate "2015.03.02"]
[SourceVersion "1"]
[SourceVersionDate "2015.03.02"]
[SourceQuality "1"]

1. e4 b6 2. Nc3 e5 3. g3 Nf6 4. Bg2 Nc6 5. Nf3 Ba6 6. d3 Bb4 7. Bd2 0-0 8. a3 Bxc3 9. Bxc3 d5 10. Nxe5 Nxe5 11. Bxe5 dxe4 12. Bxf6 Qxf6 13. Bxe4 Rfe8 14. 0-0 Rxe4 15. dxe4 Bxf1 16. Kxf1 Qxb2 17. Kg2 g6 18. c4 Re8 19. Rb1 Qxa3 20. Qd5 Qd6 21. Qxd6 cxd6 22. f3 Rc8 23. Ra1 a5 24. Rb1 Rc6 25. Kf2 Kf8 26. Ke3 Ke7 27. Kd4 Kd7 28. f4 Rc5 29. h3 a4 30. Ra1 Ra5 31. Kc3 Kc6 32. Kb4 a3 33. Ra2 f6 34. g4 Ra7 35. Rxa3 Re7 36. Re3 f5 37. gxf5 gxf5 38. e5 dxe5 39. Rxe5 Rxe5 40. fxe5 f4 41. Kc3 Kd7 42. Kd3 Ke6 43. Ke4 f3 44. Kxf3 Kxe5 45. Ke3 h5 46. Kd3 Kf4 47. Kd4 Kg3 48. Kd5 Kxh3 49. Kc6 Kg3 50. Kxb6 h4 51. c5 1/2-1/2

[Event "Manavgat Turkey Cup"]
[Site "Manavgat"]
[Date "2015.02.02"]
[Round "4"]
[White "Koksal, Recep"]
[Black "Kizilkus, Tanju"]
[Result "1-0"]
[WhiteElo "1870"]
[BlackElo "1597"]
[PlyCount "45"]
[EventDate "2015.01.31"]
[EventType "swiss"]
[EventRounds "11"]
[EventCountry "TUR"]
[SourceTitle "CBM 164 Extra"]
[Source "ChessBase"]
[SourceDate "2015.03.02"]
[SourceVersion "1"]
[SourceVersionDate "2015.03.02"]
[SourceQuality "1"]

1. Nf3 c5 2. e4 Nc6 3. d4 cxd4 4. Nxd4 d6 5. Nc3 g6 6. Be3 Bg7 7. Qd2 Nf6 8. f3 0-0 9. 0-0-0 a6 10. h4 Qc7 11. h5 gxh5 12. Bh6 Nxd4 13. Bxg7 Kxg7 14. Qxd4 Be6 15. Rxh5 Rac8 16. Bd3 Rg8 17. Rg5+ Kf8 18. Rxg8+ Kxg8 19. Nd5 Bxd5 20. exd5 Qa5 21. Kb1 Rc5 22. b4 Qb6 23. Kc1 1-0